000 00470nmm a2200145Ia 4500
008 251105s9999||||xx |||||||||||||||||und||
041 _aspa
100 _aValle Mora, Eduardo del
245 0 _aLa Responsabilidad Extendida del Productor y los programas posconsumo en Colombia
264 _a[Bogotá, Colombia] :
_bUniversidad del Rosario,
_c2017
300 _a216 páginas
650 _aLaw
856 _uhttps://public.digitaliapublishing.com/a/48426
942 _cCF
999 _c106558
_d106558